Normal view
MARC view
Entry Geographic Name
001 - CONTROL NUMBER
- control field: 13371
003 - CONTROL NUMBER IDENTIFIER
- control field: ARRUPE
005 - DATE AND TIME OF LATEST TRANSACTION
- control field: 20141211123928.0
008 - FIXED-LENGTH DATA ELEMENTS
- fixed length control field: 141211|| aca||aabn | a|a d
040 ## - CATALOGING SOURCE
- Original cataloging agency: ARRUPE
- Transcribing agency: ARRUPE
151 ## - HEADING--GEOGRAPHIC NAME
- Geographic name: Lesotho
- General subdivision: Politics and government.
670 ## - SOURCE DATA FOUND
- Source citation: Work cat.: (ARRUPE)0: Hodgson, Margaret Livingstone. 13370, Indirect rule in southern Africa., 1931-